Analyzing social networks using R / (Record no. 171538)

MARC details
000 -LEADER
fixed length control field 00874nam a22002655i 4500
001 - CONTROL NUMBER
control field 22268605
003 - CONTROL NUMBER IDENTIFIER
control field OSt
005 - DATE AND TIME OF LATEST TRANSACTION
control field 20250409111349.0
008 - FIXED-LENGTH DATA ELEMENTS--GENERAL INFORMATION
fixed length control field 211012s2022 cau 000 0 eng
020 ## - INTERNATIONAL STANDARD BOOK NUMBER
International Standard Book Number 9781529722482 (hardcover )
024 ## - OTHER STANDARD IDENTIFIER
Terms of availability USD125.00
040 ## - CATALOGING SOURCE
Original cataloging agency DLC
Language of cataloging eng
Description conventions rda
Transcribing agency DLC
Modifying agency NUST
050 ## - LIBRARY OF CONGRESS CALL NUMBER
Classification number QH324.2 BOR
100 1# - MAIN ENTRY--PERSONAL NAME
Personal name Borgatti, Stephen,
Relator term author.
245 10 - TITLE STATEMENT
Title Analyzing social networks using R /
Statement of responsibility, etc. Stephen Borgatti, Martin Everett, Jeffrey Johnson, Filip Agneessens.
300 ## - PHYSICAL DESCRIPTION
Extent xv,359 pages:
Other physical details illustrations;
Dimensions 25 cm.
336 ## - CONTENT TYPE
Content type term text
Content type code txt
Source rdacontent
337 ## - MEDIA TYPE
Media type term unmediated
Media type code n
Source rdamedia
338 ## - CARRIER TYPE
Carrier type term volume
Carrier type code nc
Source rdacarrier
504 ## - BIBLIOGRAPHY, ETC. NOTE
Bibliography, etc. note Includes bibliographical references and index.
700 1# - ADDED ENTRY--PERSONAL NAME
Personal name Everett, Martin,
Relator term author.
700 1# - ADDED ENTRY--PERSONAL NAME
Personal name Johnson, Jeffrey,
Relator term author.
700 1# - ADDED ENTRY--PERSONAL NAME
Personal name Agneessens, Filip,
Relator term author.
942 ## - ADDED ENTRY ELEMENTS (KOHA)
Source of classification or shelving scheme Library of Congress Classification
Koha item type Ordinary Loan Books
Suppress in OPAC No
Holdings
Withdrawn status Lost status Source of classification or shelving scheme Damaged status Not for loan Collection Home library Current library Shelving location Date acquired Source of acquisition Cost, normal purchase price Total Checkouts Full call number Barcode Date last seen Accession number Cost, replacement price Price effective from Koha item type Public note
    LCC     NFIC MAIN MAIN GEN 04/02/2025 Book Aid International 134.00   QH324.2 BOR 92004054672 04/02/2025 61181 134.00 04/02/2025 BOOKS Donation